| 000 | 00410nam a2200121Ia 4500 | ||
|---|---|---|---|
| 008 | 220615s9999||||xx |||||||||||||| ||und|| | ||
| 100 | _aGustavo Morari do Nascimento | ||
| 245 | 0 | _aRaman Spectroscopy | |
| 546 | _aEnglish[eng] | ||
| 650 | _aSpectroscopy||Physical Sciences||Engineering and Technology||Chemistry||Organic Chemistry | ||
| 856 | _uhttps://www.intechopen.com/books/raman-spectroscopy | ||
| 942 | _cEB | ||
| 999 |
_c18402 _d18402 |
||